01099nam a22002897a 4500003000400000005001700004008004100021020003000062024001400092040003100106050001700137100002900154245014700183260006600330300004700396336002600443337002800469338002700497504005100524650005300575650004500628650002700673650002300700700002800723700002700751700003100778OSt20250826100744.0250826b |||||||| |||| 00| 0 eng d a9781780174242 (Paperback) cUSD 20.00 aNUSTbengcNUSTdNUSTerda aQA76.A25 BAR aBarker, Jessica eAuthor aCybersecurity ABCs :bdelivering awareness, behaviours and culture change /cJessica Barker, Adrian Davis, Bruce Hallas and Ciarán McMahon.  aSwindon, UK :bBCS, The Chartered Institute for IT, c©2021. axvii, 131 pages :bIllustrations ;c24 cm. 2rdacontentatextbtxt 2rdamediaaunmediatedbn 2rdacarrieravolumebnc aIncludes bibliographical references and index. aBUSINESS and ECONOMICS xBusiness communication. aBusiness communication and presentation. aCOMPUTERS xSecurity. aComputer security. aDavis, Adrian eAuthor aHallas, Bruce eAuthor aMcMahon, Ciarán eAuthor